000 00485nam a2200181Ia 4500
005 20250508151457.0
008 008 250505s9999 xx 000 0 hin d
037 _aTextual
040 _aFEDL
_beng
_cFEDL
041 _ahin
_2hin
084 _aFH, BAL
_qFEDL
100 _aBalbandhu
_9759232
245 0 _aBhopo engine aur dhak dhak
260 _aBanaras, India
_bHindi Pracharak Pustkalaya
300 _a32p.
942 _cTEXL
_hFH, BAL
999 _c1330062
_d1330062